000 03290cam a22005894i 4500
003 PE-LiUPU
005 20250731184558.0
008 150706s2010 pe a r 000 0 d
020 _a9786124011313
035 _a(Sirsi) i9786124011313
040 _aPE-LiUPU
_bspa
_cPE-LiUPU
_erda
049 _aPRUA
082 0 4 _a985.7029
_bA58
_221
082 0 4 _a985.63
_bA61 2010
100 1 _aÁngeles Caballero, César A.,
_eautor.
245 1 0 _aIconos de peruanidad /
_cCésar Augusto Ángeles Caballero.
264 1 _aLima :
_bAsamblea Nacional de Rectores,
_c2010.
300 _a123 páginas ;
_c24 centímetros
336 _atext
_2rdacontent
337 _aunmediated
_2rdamedia
338 _avolume
_2rdacarrier
505 0 _aEl cholo -- Origen del pisco -- Origen del Pisco-Sour -- Más sobre el Pisco -- El cebiche nació con la república peruana -- El cuy -- La quinua -- La papa -- La chirimoya -- La lucma -- Biografía del Yaraví -- La marinera -- La muliza -- La diablada -- El cajón -- Peruanismos chilenismos -- Habla popular peruana y chilena -- El vocablo paisaje en la literatura peruana -- Valles y pueblos -- El viento -- El camino -- El agua -- Las nubes -- La luna -- Las estrellas -- Luz y color
526 _aP136
526 _aP135
526 _aP134
526 _aP133
526 _aP144
526 _aP143
526 _aP87
526 _aP35
526 _aP20
526 _aP14
526 _aP10
526 _aP06
650 0 4 _aPerú
_xIconologia.
910 _bjv
_cng
_d20110412
910 _tqv
_d20171023
942 _2ddc
_cBOOK
949 _a985.7029 A58
_wDEWEY
_c1
_i62784
_d2015-9-20
_e2015-9-20
_lCCODEBUL1
_mBUL
_n1
_p10.00
_r0
_sY
_tBOOK
_u2015-7-6
_xEDUCACION
_zUNKNOWN
_0COMPRA
_o.STAFF. Colección General
949 _a985.7029 A58
_wDEWEY
_c2
_i62783
_lCCODEBUL1
_mBUL
_p10.00
_r0
_sY
_tBOOK
_u2015-7-6
_xEDUCACION
_zUNKNOWN
_0COMPRA
_o.STAFF. Colección General
949 _a985.63 A61 2010
_wDEWEY
_c1
_iFJ09065
_lCCODEBUJ1
_mBUJ
_p10.00
_r0
_sY
_tBOOK
_u2017-10-23
_xEDUCACIÓN
_PP14
_0COMPRA
_o.STAFF. Colección General Juliaca
949 _a985.63 A61 2010
_wDEWEY
_c2
_iFJ09066
_lCCODEBUJ1
_mBUJ
_p10.00
_r0
_sY
_tBOOK
_u2017-10-23
_xEDUCACIÓN
_PP14
_0COMPRA
_o.STAFF. Colección General Juliaca
994 _aC0
_bPEPRU
596 _a1 3
999 _a985.7029 A58
_wDEWEY
_c51832
_i62784
_d51832
_e2015-9-20
_f2021-11-9
_g5
_lCCODEBUL1
_mBUL
_n1
_p10.00
_r0
_sY
_tBOOK
_u2015-7-6
_xEDUCACION
_zUNKNOWN
_0COMPRA
_o.STAFF. Colección General
999 _a985.7029 A58
_wDEWEY
_c2
_i62783
_f2021-11-8
_g4
_lCCODEBUL1
_mBUL
_p10.00
_r0
_sY
_tBOOK
_u2015-7-6
_xBIBLIOTECA
_zUNKNOWN
_0COMPRA
_o.STAFF. Colección General
999 _a985.7029 A61 2010
_wDEWEY
_c1
_iFJ09065
_f2022-2-2
_g4
_lCCODEBUJ1
_mBUJ
_p10.00
_r0
_sY
_tBOOK
_u2017-10-23
_xEDUCACION
_PP14
_0COMPRA
_o.STAFF. Colección General
999 _a985.7029 A61 2010
_wDEWEY
_c2
_iFJ09066
_d2018-10-18
_f2022-2-2
_g4
_lCCODEBUJ1
_mBUJ
_p10.00
_q1
_r0
_sY
_tBOOK
_u2017-10-23
_xEDUCACION
_PP14
_0COMPRA
_o.STAFF. Coleccion General Juliaca
980 _81
_gALBERTO SANCHEZ Responsable de Automatización